Sci Fi Tools and Weapons - Statistics

General Stats
  • This quiz has been taken 242 times
  • The average score is 5 of 11
Answers on the Map
Answers color-coded by a green-red scale on the quiz's map according to % correct below.
 
Answer Stats
Answer From % Correct
Lightsaber Star Wars
95%
Infinity Gauntlet Marvel
76%
Aperture Science Handheld Portal Device Portal
56%
Portal Gun Rick and Morty
55%
Green Lantern Ring DC
53%
Sonic Screwdriver Doctor Who
53%
Phaser Star Trek
52%
Omnitrix Ben 10
36%
Neuralyzer Men In Black
23%
Cylon Toaster Battlestar Galactica
4%
Comscanner The Orville
2%
No matching quizzes found
Score Distribution
Percent of People with Each Score
Percentile by Number Answered
Your Score History
You have not taken this quiz